Statistiken für Manchester United Fans/Deutschland Quiz

Klicken Sie hier um das Quiz zu spielen!

Allgemein

  • Dieses Quiz wurde 49 mal gespielt
  • Das Durchschnittsergebnis liegt bei 7 aus 30

Antwortstatistiken

Nr.HintAntwort% Korrekt
24Wie viele Auswärtsspiele hat Bruno Fernandes bis dato (11.11.2021) in der Premier League verloren?1 (2:4 bei Leicester)
70%
9Welcher Spieler hat mit 13 Premier League Titeln, die meisten Meistertitel in der Geschichte des englischen Fußballs gesammelt?Ryan Giggs
60%
4Von welchem Verein war Sir Matt Busby in seiner aktiven Zeit als Spieler Kapitän?FC Liverpool
47%
21Welcher United-Star wurde in den 1960ern der “fünfte Beatle” genannt?George Best
44%
30Welcher Ex-United-Spieler durchlief in seiner Karriere die Stationen Roter Stern Belgrad, Spartak Subotica, Spartak Moskau, Manchester United und Inter Mailand?Nemanja Vidic
40%
15United hält den Champions League Rekord für die meisten ungeschlagenen Spiele in Folge: Wie viele Spiele lang war United zwischen 2007 und 2009 ungeschlagen?25
37%
5Welcher deutsche Weltmeister von 2014 stammt aus der Jugend von Manchester United ohne jemals ein Profispiel bestritten zu haben?Ron-Robert Zieler
28%
19Von welchem Verein wechselte Eric Cantona 1992 zu United?Leeds United
26%
10Ex-United-Profi Angel Gomes ist der Patensohn von welchem ehemaligen United-Spieler?Nani
26%
1Welchen Namen trug Manchester United von 1878 - 1902?Newton Heath
26%
3Mit welchem Ergebnis endete die Partie?5:5
23%
22In welcher Stadt ist der Flughafen nach ihm benannt?Belfast
23%
11Welcher französische Schauspieler spielt Eric Cantona im Film “Looking for Eric”?Eric Cantona
23%
14Gegen welchen Spieler hielt Edwin van der Sar den entscheidenden Elfmeter im Champions League Finale 2008?Nicolas Anelka
23%
25Welcher schottische Stürmer gewann als erster United-Spieler 1964 den Ballon d’OrDenis Law
21%
262016 gewann United im Finale gegen Crystal Palace den FA Cup: wer erzielte in der Verlängerung den Siegtreffer?Jesse Lingard
21%
6Für welche Nationalmannschaft bestritt Dwight Yorke 72 Länderspiele?Trinidad & Tobago
21%
13Welchen einstigen Weltstar düpierte John O’Shea bei einem Champions League Spiel mit einem Tunnel?Luis Figo
16%
18Wer erzielte in der Partie als Joker einen Viererpack?Ole Gunnar Solskjaer
16%
8Gegen welches Team erzielte Wayne Rooney sein erstes United-Tor?Fenerbahce
14%
2Wer erzielte 2013 das letzte United-Tor in der Ferguson-Ära gegen West Bromwich Albion?Javier Hernandez
14%
27Der Sohn welches einstigen Weltstars spielte von 1996-2000 als Profi für United?Johan Cruyff
14%
29Gegen welches Team erzielte David Beckham 1997 ein Tor von der Mittellinie?AFC Wimbledon
12%
7Welcher schwedische Nationalspieler stand in der United-Startelf beim Champions League Endspiel 1999?Jesper Blomqvist
12%
20In welchem Stadion wurde United 1968 Europapokalsieger der Landesmeister?Wembley Stadion
9%
23Wer erzielte 1991 im Pokal der Pokalsieger einen Doppelpack beim Finalsieg gegen den FC Barcelona?Mark Hughes
7%
12Welcher Trainer war Vorgänger von Sir Alex Ferguson bei United?Ron Atkinson
7%
162004 konnte United den FA Cup gewinnen: wer war damals Gegner im Finale?FC Millwall
5%
17Welches Team konnte United in der Triple-Saison 1999 mit 8:1 auswärts schlagen?Nottingham Forest
5%
28Welchen Beruf übt Ex-United-Profi (1996-1999) Philip Mulryne heute aus?Katholischer Priester
2%

Verteilung der Resultate

Perzentil nach korrekt beantworteten Fragen

Anzahl Personen mit jedem Resultat

Ihre Resultats-Entwicklung

Sie haben dieses Quiz noch nicht gespielt